Hlavné metódy riadenia v ŠBČS záverečná práca postgraduálneho štúdia

Enregistré dans:
Détails bibliographiques
Auteur principal: Rievaj, Ján
Collectivité auteur: Vysoká škola ekonomická v Bratislave
Autres auteurs: Drábek, Alojz
Format: Livre
Langue:slovaque
Publié: Bratislava 1987
Tags: Ajouter un tag
Pas de tags, Soyez le premier à ajouter un tag!

MARC

LEADER 00000nam a2200000 4500
001 c027487
005 20221219094534.1
041 0 |a slo 
044 |a SK 
245 1 0 |a Hlavné metódy riadenia v ŠBČS  |b záverečná práca postgraduálneho štúdia  |c Ján Rievaj ; Ved. práce Alojz Drábek 
264 1 |a Bratislava  |c 1987 
300 |a 45 s. 
100 1 |a Rievaj, Ján 
700 1 |a Drábek, Alojz 
710 2 |a Vysoká škola ekonomická v Bratislave